Library Banner

Groups : Process and practice (Record no. 13475)

MARC details
000 -LEADER
fixed length control field 00502nam a2200193Ia 4500
001 - CONTROL NUMBER
control field 12733
008 - FIXED-LENGTH DATA ELEMENTS--GENERAL INFORMATION
fixed length control field 140401s9999 xx 000 0 und d
020 ## - INTERNATIONAL STANDARD BOOK NUMBER
International Standard Book Number 0-534-34224-8
040 ## - CATALOGING SOURCE
Transcribing agency PK-LaUMT
082 ## - DEWEY DECIMAL CLASSIFICATION NUMBER
Classification number 616.89152
Item number COR-G
100 ## - MAIN ENTRY--PERSONAL NAME
Personal name Corey, Gerald, J.A.
245 ## - TITLE STATEMENT
Title Groups : Process and practice
Statement of responsibility, etc Corey, Gerald, J.A.<>Corey, Marianne Schneider
260 ## - PUBLICATION, DISTRIBUTION, ETC. (IMPRINT)
Date of publication, distribution, etc 1997
300 ## - PHYSICAL DESCRIPTION
Extent 454 p.
546 ## - LANGUAGE NOTE
Language note EN
650 ## - SUBJECT ADDED ENTRY--TOPICAL TERM
Topical term or geographic name as entry element Group counseling
700 ## - ADDED ENTRY--PERSONAL NAME
Personal name Corey, Marianne Schneider
942 ## - ADDED ENTRY ELEMENTS (KOHA)
Koha item type Books
Holdings
Withdrawn status Lost status Damaged status Not for loan Home library Current library Date acquired Total Checkouts Full call number Barcode Date last seen Price effective from Koha item type
        UMT Main Campus UMT Main Campus 2014-04-01   616.89152 COR-G 14798 2014-04-21 2014-04-21 Books